000 00615cam a2200217 4500500
005 20260405001820.0
041 _afre
042 _adc
100 1 0 _aHulin, Michel
_eauthor
245 0 0 _aLa perfection de l’univers
260 _c2014.
500 _a61
690 _aBhagavad-Gîtâ
690 _aInde
690 _aMétaphysique
690 _aMichel Hulin
690 _aMystique
690 _aSagesse
786 0 _nPhilosophie magazine | 82 | 9 | 2014-09-01 | p. 54-55 | 1951-1787
856 4 1 _uhttps://shs.cairn.info/magazine-philosophie-magazine-2014-9-page-54?lang=fr&redirect-ssocas=7080
999 _c2051366
_d2051366